1216 1693 1633 1468 1428 1852 1691 1730 1154 1973 1415 1561 1523 1317 1206 1934 1799 1401 1842 1627 1100 1344 1729 1135 1751 1665 1819 1547 1314 1745 1773 1943 1304 1002 1212 1415 1108 1103 1834 1721 1346 1751 1611 1507 1162 1445 1930 1506 1730 1379 1138 1254 1555 1085 1597 1973 1191 1108 1021 1727 1866 1119 1558 1028 1134 1229 1203 1520 1841 1146 1411 1380 1843 1404 1103 1048 1303 1765 1793 1149 1201 1199 1862 1162 1324 1140 1428 1336 1009 1135 1873 1081 1352 1036 1639 1072 1564 1245 1991 BCNSPRNW ULIB Ver.6.0+V

เปลี่ยนเป็นภาษาไทย

Change to English
 แสดงรายละเอียดบรรณานุกรม
  กลับหน้าหลัก

Brief Record : Get Marc (ISO 2709) : E-mail record : QR code < ปิดหน้าต่าง
LEADER : 00000nam 2200000uu 4500
001    13399111554
003     ULIB
008    110627s||||||||th 000 0 tha d
090    นว.^bภ418T 2553
100 0  ภาคินัย
245 00 ตีตั๋วไปตาย = THEATER/^cภาคินัย
250    พิมพ์ครั้งที่ 1
260    กรุงเทพฯ :^bโซฟา,^c2553
300    240 หน้า
945    ^p185^l0^i028067
995    ทศพร
999 ^a ใช้งานได้ทุกระบบ
รายการนี้ยังไม่มีแท็ก
คุณยังไม่ได้ล็อกอิน คุณสามารถมีกิจกรรมร่วมกับเว็บไซต์ได้ แต่ต้องล็อกอินก่อน ::
  ล็อกอิน

รายการสื่อสารสนเทศ

ลำดับที่ ประเภท เลขเรียก/บาร์โค้ด สถานที่ สถานะ
1. นวนิยาย
นวนิยาย
นว. ภ418T 2553 ฉ.1 
  Barcode: 028067
ห้องสมุดวิทยาเขตสวรรค์ประชารักษ์
►นวนิยาย
บนชั้น
  ขอยืม

รายการใกล้เคียง
    ผู้แต่ง [ภาคินัย]

BibComment


ยังไม่เคยถูกคอมเมนท์

คอมเมนท์ทรัพยากรรายการนี้
  คอมเมนท์: ตีตั๋วไปตาย THEA..


 Copyright 2026. Bcnsprnw @Library